Kleinkunst Tracklist (Joost Klein) - Statistics

General Stats
  • This quiz has been taken 45 times
  • The average score is 16 of 24
Answer Stats
# Title % Correct
1 Capitalism :D
90%
5 Coachella
83%
3 Farmcore (with horsegiirL)
83%
2 Shanghai Night
80%
22 Holanda 🇳🇱
73%
8 Latin Gabber (with Vieze Asbak)
73%
7 Tetetetete (Español)
73%
15 Zonder Jou (with Anouk)
73%
4 Medellín (with MCR-T)
70%
12 Wtffff :P
70%
10 enjoy the ride (with gladde paling)
67%
9 Hackers Theme
67%
17 Joost Klein 5
67%
19 Panchiii (with ADF Samski)
63%
6 Hardcore Junkie (with Daan Koen)
60%
23 Klikobak
60%
24 Rooftop Freestyle (with DJ Lucas)
60%
16 Full Circle (with Mark Foster)
57%
13 jailbreak life (with jailbreak iphone now)
57%
14 Ansichtkaart
53%
18 Everyday (Everyday)
53%
21 Radio
53%
20 Break The Law (with Mr. Polska)
50%
11 funny onion song (with internetcafe247)
50%
No matching quizzes found
Score Distribution
Percent of People with Each Score
Percentile by Number Answered
Your Score History
You have not taken this quiz